01103nam a22001817a 4500001000500000005001700005040002900022050001400051082001000065100002700075245007100102260003900173300002500212520052600237942001500763999001500778952012800793329620240223163224.0 aFISK bengcFISK dFISK  aBL720.B47 a292.2 aBerens E.M d1855-1934 aThe Myths and Legends of Ancient Greece and Rome /cby E.M Berens  aLondon : bWilliam Colins, c2016 a347 pages : c18 cm  aThis book gives the reader a knowledge of a huge number of myths and legends of the classicial civilisation era. Including sections on Greek and Roman Gods, Minor Deities, Heroes and the practices of the time, it also includes a large number of illustrations. This version has been specially formatted for today's e-readers, and is a fantastic addition to any eBook collection. Whether you are a student of ancient history, or just want to know more about Zeus, Saturn, Icarus and the like, then this is a must-have read. 2ddccBKn0 c3296d3296 00102ddc40708NFICa001b001cTTPd2024-02-23l0oBER BL720.B47 292.2p2024-0102r2024-02-23 16:03:34t1w2024-02-23yBK